Оценка надежности ТЭЦ по показателю продолжительности дефектообразования; Теплофизические основы энергетических технологий

Chi tiết về thư mục
Parent link:Теплофизические основы энергетических технологий.— 2009.— [С. 120-128]
Tác giả chính: Литвак В. В. Валерий Владимирович
Tác giả khác: Матвеев А. С. Александр Сергеевич, Савостьянова Л. В. Людмила Викторовна
Tóm tắt:Заглавие с титульного листа
Ngôn ngữ:Tiếng Nga
Được phát hành: 2009
Những chủ đề:
Truy cập trực tuyến:http://www.lib.tpu.ru/fulltext/c/2009/C02/019.pdf
Định dạng: Điện tử Chương của sách
KOHA link:https://koha.lib.tpu.ru/cgi-bin/koha/opac-detail.pl?biblionumber=233773

MARC

LEADER 00000naa2a2200000 4500
001 233773
005 20260119155822.0
035 |a (RuTPU)RU\TPU\book\254854 
035 |a RU\TPU\book\254852 
090 |a 233773 
100 |a 20130312d2009 k y0rusy50 ca 
101 0 |a rus 
102 |a RU 
135 |a drcn ---uucaa 
181 0 |a i  
182 0 |a b 
200 1 |a Оценка надежности ТЭЦ по показателю продолжительности дефектообразования  |f В. В. Литвак, А. С. Матвеев, Л. В. Савостьянова 
203 |a Текст  |c электронный 
215 |a 1 файл (394 Kb) 
300 |a Заглавие с титульного листа 
320 |a [Библиогр.: с. 127-128 (5 назв.)] 
337 |a Adobe Reader 
463 1 |0 (RuTPU)RU\TPU\book\176746  |t Теплофизические основы энергетических технологий  |o материалы региональной научно-практической конференции, 25 - 27 июня 2009 г., Томск   |f Томский политехнический университет (ТПУ) ; под общ. ред. Г. В. Кузнецова [и др.]  |v [С. 120-128]  |d 2009 
610 1 |a труды учёных ТПУ 
610 1 |a электронный ресурс 
610 1 |a оценка 
610 1 |a надежность 
610 1 |a ТЭЦ 
610 1 |a дефектообразование 
610 1 |a продолжительность 
700 1 |a Литвак  |b В. В.  |c специалист в области теплоэнергетики  |c профессор Томского политехнического университета, доктор технических наук  |f 1940-  |g Валерий Владимирович  |3 (RuTPU)RU\TPU\pers\25676  |9 11587 
701 1 |a Матвеев  |b А. С.  |c специалист в области теплоэнергетики  |c доцент Томского политехнического университета, кандидат технических наук  |f 1978-  |g Александр Сергеевич  |3 (RuTPU)RU\TPU\pers\25678  |9 11589 
701 1 |a Савостьянова  |b Л. В.  |c специалист в области теплоэнергетики  |c заведующий лабораторией Томского политехнического университета  |f 1976-  |g Людмила Викторовна  |3 (RuTPU)RU\TPU\pers\25997  |9 11846 
801 1 |a RU  |b 63413507  |c 20120830 
801 2 |a RU  |b 63413507  |c 20150313  |g RCR 
856 4 |u http://www.lib.tpu.ru/fulltext/c/2009/C02/019.pdf 
942 |c CF